00920cam a22002651 450000100090000000300090000900500170001800800410003501000170007603500180009304000350011104200120014605000180015808200160017610000300019224500790022226000630030130000360036449000640040050400310046465000400049565100190053570000390055481000610059310340864BDDh-ASL20231015030243.0740610s1962 pk ab b f000 0 eng  asa 66000102  a(OCoLC)912244 aDLCcOClWdNSyUdDLCdBDDh-ASL apremarc00aGN776.P14bP3 a930.1bPAS 1 aPaterson, Thomas Thomson.10aSoan, the Palaeolithic of Pakistan / cby T.T. Paterson & H.J.H. Drummond. a[Karachi]bDept. of Archaeology, Govt. of Pakistan,c1962. a171 p. : billus., map.c26 cm.1 aMemoir of the Department of Archaeology in Pakistan,vno. 2 aBibliographical footnotes. 0aStone agezPakistanzSoān Valley. 0aSoān Valley.1 aDrummond, H. J. H.,ejoint author.1 aPakistan.bDepartment of Archaeology.tMemoirs ;vno. 2.